00272nam a22000977a 4500082002800000245002900028260003700057300003500094526003700129650000800166 a297.7bBAScL-30, p-100 aThe great battle of badr aLahorebIslamic Publications Ltd axxx1, 213 p. :bill, ;c20 cm. a0b0c0d297_700000000000000_BAS aMCE